| 000 | 00383nam a22001217a 4500 | ||
|---|---|---|---|
| 040 | _cNust | ||
| 082 |
_a341.48121 _bGHA |
||
| 100 |
_aGhandhi, R.P _9123703 |
||
| 245 | _aBlack' stones International Human Rights Documents | ||
| 260 |
_aIslamabad: _bNational Book Foundation Islamabad, _c2007. |
||
| 650 |
_aBlack' stones International Human Rights Documents _9123704 |
||
| 942 |
_2ddc _cBK |
||
| 999 |
_c609801 _d609801 |
||